Documentos de estudio. Realidad Centroamericana

Guardado en:
Bibliografiske detaljer
Format: Texto
Udgivet: s.l: INCEP
Tags: Tilføj Tag
Ingen Tags, Vær først til at tagge denne postø!

MARC

LEADER 00000 a a2200000 04500
001 25294
003
040 |a CRAI/IIS  |c CRAI/IIS 
090 |a 150005  
245 |a Documentos de estudio. Realidad Centroamericana  
260 |a s.l:   |b INCEP  
300 |a pag. cortada  
999 |c 12307  |d 12307